Педагогический репертуар для скрипки и фортепьяно (Запис номер 363683)
[ съкратено ]
| 000 -Лидер | |
|---|---|
| Контролно поле с фиксирана дължина | 01394ncm a2200349 c 4500 |
| 003 - Код на организацията, давaща контролен номер | |
| Контролно поле | BLK |
| 005 - Дата и час на последна редакция | |
| Контролно поле | 20241023005405.0 |
| 008 - Елементи от данни с фиксирана дължина | |
| fixed length control field | 180414b bul |a|er|||| |0| c|bulo| |
| 010 ## - Наследен системен номер | |
| LC control number | NOT00003360000 |
| 040 ## - Източник на каталожния запис | |
| Идентификатор на билиотеката - собственик на записа | BLK |
| 041 ## - Код за език | |
| Код за езика на текст/звукозапис или на отделно заглавие | Руски |
| Код за езика КДБФ | Руски |
| 080 ## - УДК | |
| Текстов определител УДК | Дуо цигулка и пиано |
| УДК код - определител по УДК | 785.72:787.1:786.2 |
| УДК - код + определител | 785.72:787.1:786.2 |
| 139 ## - Редно поле | |
| Редна дума | Педагогический репертуар |
| Авторски знак | Пе - П 32 |
| 245 10 - Сведения за заглавието | |
| Заглавие | Педагогический репертуар для скрипки и фортепьяно |
| Подзаглавни данни | ДМШ 7- й класс |
| Редно поле (дума) | Ф. Давид |
| 260 ## - Област на издателските данни | |
| Година на издаване | 1958 |
| 9 (RLIN) | 402828 |
| Място на издаване, разпространение и проч. | Москва |
| Име на издателя, разпространителя и проч. | Государственное музыкальное издательство |
| 300 ## - Физическа характеристика | |
| Страници | 11 с. |
| Размери/Мащаб | 29 см |
| 380 ## - Жанр | |
| Жанр | Изкуство |
| 490 ## - СЕРИИ (Колекции) | |
| 9 (RLIN) | 404213 |
| Име на серия | Педагогический репертуар детской музыкальной школы |
| Бележки за серията | Для скрипки и фортепьяно |
| 505 ## - Форматирана забележка | |
| Заглавие | Ф. Давид. Капричио |
| -- | Ф. Давид. Этюд |
| 650 #0 - Допълнително описание по предмет – тема | |
| Основно описание – тема или топоним | Дуо - цигулка и пиано |
| 9 (RLIN) | 353793 |
| 653 #0 - Ключова дума – ненормативна | |
| 9 (RLIN) | 402793 |
| Ключова дума | фортепиано |
| 700 ## - Други автори (авторска отговорност) | |
| 9 (RLIN) | 1311 |
| Лично име | Уткин, Ю. |
| Автороска отговорност (Описва отношението между автора и произведението) | ред. |
| 852 ## - Местоположение | |
| Форматна сигнатура | Цб М ІІ 633 |
| Част | 0 |
| Фондова буква | Хранилище |
| 856 4# - Електронен адрес и достъп | |
| Електронен формат | pdf - файл |
| Път до файла /url/ | |
| 856 4# - Електронен адрес и достъп | |
| Електронен формат | pdf - файл |
| Път до файла /url/ | |
| 999 ## - СИСТЕМНИ КОНТРОЛНИ НОМЕРА | |
| Koha biblionumber | 363683 |
| Koha biblioitemnumber | 363683 |
| 942 ## - АРТИКУЛИ | |
| Вид на библиотечния материал | Нотни издания |
| Скрит в OPAC | Не |
| Периодичен библиозапис | Да |
| 944 ## - СЪЗДАВАНЕ И РЕДАКЦИЯ на ЗАПИСА | |
| Създаване/Редакция | Създаване |
| Дата на регистрацията/редакция | 2020-05-22 |
| Служител, извършил регистрацията/редакцията | |
| Статус, дата на статуса | CRON CRON |
| 999 ## - СИСТЕМНИ КОНТРОЛНИ НОМЕРА | |
| Koha biblioitemnumber | 363683 |
| 999 ## - СИСТЕМНИ КОНТРОЛНИ НОМЕРА | |
| Koha biblioitemnumber | 363683 |
| 999 ## - СИСТЕМНИ КОНТРОЛНИ НОМЕРА | |
| Koha biblioitemnumber | 354023 |
| 999 ## - СИСТЕМНИ КОНТРОЛНИ НОМЕРА | |
| Koha biblioitemnumber | 318004 |
| Код за отписване | Код за изгубен артикул | Източник на класификационната схема | Код за повреда | Коз за рестрикции | Код за отдаване | Артикулен № | Име на библиотеката - собственик | Име на библиотеката, в която се намира в момента | Статус (Текущо местоположение) | Дата на вписване в системата | Местоположение - отдел | Цена в лева | Инвентарен номер | Систематично азбучна сигнатура | Баркод | Цена в евро | Служебен тип на артикула |
|---|---|---|---|---|---|---|---|---|---|---|---|---|---|---|---|---|---|
| Не е изгубен | Universal Decimal Classification | Не е повреден | само за читалня | ползва се в читалня | 772022 | Регионална библиотека "Любен Каравелов" Русе | Регионална библиотека "Любен Каравелов" Русе | Хранилище | 2020-05-26 | Основен фонд - ползва се само за читалня | 0.18 | 7948/58 | Цб М ІІ 633 | 900000010509 | 0.09 | Нотни издания |